| 000 | 00000nam 2200000zi 4500 |
| 001 | 9.941143 |
| 003 | CaOODSP |
| 005 | 20240726130038 |
| 006 | m o d f |
| 007 | cr mn||||||||| |
| 008 | 240726s2024 onca ob f000 0 fre d |
| 040 | |aCaOODSP|bfre|erda|cCaOODSP |
| 043 | |an-cn--- |
| 045 | |ay2y2 |
| 086 | 1 |aPS84-244/2024F-PDF |
| 245 | 00|aAudit des centres d'intervention pour Autochtones. |
| 264 | 1|a[Ottawa] : |bService correctionnel Canada = Correctional Service Canada, |c2024. |
| 300 | |a1 ressource en ligne (27 pages) : |billustrations en couleur |
| 336 | |atexte|btxt|2rdacontent/fre |
| 337 | |ainformatique|bc|2rdamedia/fre |
| 338 | |aressource en ligne|bcr|2rdacarrier/fre |
| 500 | |aPublié aussi en anglais sous le titre : Audit of Indigenous intervention centres. |
| 500 | |a« 1er mars 2024. » |
| 504 | |aComprend des références bibliographiques. |
| 610 | 26|aService correctionnel Canada|xAudit. |
| 650 | 6|aPrisonniers autochtones|xServices|zCanada|xAudit. |
| 710 | 2 |aService correctionnel Canada, |eorganisme de pubication. |
| 775 | 08|tAudit of Indigenous intervention centres.|w(CaOODSP)9.941049 |
| 856 | 40|qPDF|s986 Ko|uhttps://publications.gc.ca/collections/collection_2024/scc-csc/PS84-244-2024-fra.pdf |
| 856 | 4 |qHTML|sS.O.|uhttps://www.canada.ca/fr/service-correctionnel/organisation/transparence/rapports-audit-interne/centres-intervention-autochtones-2024.html |